European City Flags - Statistics

General Stats
  • This quiz has been taken 17 times
  • The average score is 9 of 20
Answer Stats
Picture Answer % Correct
Berlin
100%
Amsterdam
75%
Barcelona
67%
Paris
67%
Moscow
58%
Rome
58%
Bucharest
50%
Hamburg
50%
Kyiv
50%
Athens
42%
Chișinău
42%
St. Petersburg
42%
Brussels
25%
Cologne
25%
Ljubljana
25%
Birmingham
17%
Minsk
17%
Reykjavík
17%
Volgograd
17%
Voronezh
17%
No matching quizzes found
Score Distribution
Percent of People with Each Score
Percentile by Number Answered
Your Score History
You have not taken this quiz